00657nam a2200157 a 450000100100000000500170001000800410002704000250006824501420009326000450023530000350028070000320031570000290034795201060037699900170048200004113820201002034641.0130919s2004 dr ac 000 0 spa d aDO-SdBNPbspacBNPHU03aEl almanaque del emperador de Jade :blibro sagrado de las leyes del bajo mundo /ctraducción Imaculada Tena ; editado por Renate Roos. aSanto Domingo :bChang Ming Tang,c2004. a62 p. :bil., retrs. ;c22 cm.1 aTena, Imaculadaetr.9676831 aRoos, Renateeed.921337 00107-18PDaPDbPDcOId2013-09-19iLF1l0o p41138-10r2020-06-25w2020-06-25yLFPDZNo se presta c40628d40628